<Le> nouvel economiste

Na minha lista:
Detalhes bibliográficos
Formato: Periódico
Idioma:francês
Publicado em: Paris Le Nouvel'Economiste 1991
Tags: Adicionar Tag
Sem tags, seja o primeiro a adicionar uma tag!

MARC

LEADER 00000nas2a2200000 4500
001 s015250
005 20250724074706.8
022 |a 0395-6458 
041 0 |a fre 
044 |a FR 
245 1 0 |a <Le> nouvel economiste 
264 1 |a Paris  |b Le Nouvel'Economiste  |c 1991 
300 |a 2 zv.